| 000 | 00000nam##2200000za#4500 |
| 001 | 9.602183 |
| 003 | CaOODSP |
| 005 | 20210624210437 |
| 007 | cr ||||||||||| |
| 008 | 150406|2001||||xxc|||||o f|0| 0 fre|d |
| 040 | |aCaOODSP|bfre |
| 043 | |an-cn--- |
| 086 | 1 |aNH18-23/77F-PDF |
| 110 | 2 |aSociété canadienne d'hypothèques et de logement. |
| 245 | 10|aLogement des générations issues du baby-boom, de l'effondrement de la natalité et de l'écho du baby-boom |h[ressource électronique] |
| 260 | |aOttawa - Ontario : |bSociété canadienne d'hypothèques et de logement |cJuillet 2001. |
| 300 | |a6p.|bgraphiques |
| 490 | 1 |aLe point en recherche. Série socio-économique |v77 |
| 590 | |a11-23-Supp|b2011-10-17 |
| 691 | 07|aLogement|2gcpds |
| 691 | 07|aMarché|2gcpds |
| 691 | 07|aTaux de natalité|2gcpds |
| 775 | 08|tHousing the boom, bust and echo generations |w(CaOODSP)9.571756 |
| 776 | 0#|tLogement des générations issues du baby-boom, de l'effondrement de la natalité et de l'écho du baby-boom |w(CaOODSP)9.625865 |
| 830 | #0|aLe point en recherche. Série socio-économique ;|v77|w(CaOODSP)9.501568 |
| 856 | 40|ahttp://publications.gc.ca|qPDF|s189 Ko|uhttps://publications.gc.ca/collections/Collection/NH18-23-77F.pdf|y77 |